| Tag |
First Indicator |
Second Indicator |
Subfields |
| LEADER |
00000cam a22000008a 4500 |
| 001 |
in00001019727 |
| 005 |
20150928092430.0 |
| 008 |
910514s1991 nju b 00100 eng |
| 010 |
|
|
|a 91021458
|
| 020 |
|
|
|a 0879422874 :
|c $59.95
|
| 035 |
|
|
|a (OCoLC)23868546
|
| 035 |
|
|
|9 AFE9213AM
|
| 040 |
|
|
|a DLC
|c DLC
|d UtOrBLW
|
| 049 |
|
|
|a TXAM
|
| 050 |
0 |
0 |
|a TK454.4.M33
|b A77 1991
|
| 082 |
0 |
0 |
|a 621.382
|2 20
|
| 245 |
0 |
0 |
|a Architectural electromagentic shielding handbook :
|b a design and specification guide /
|c Leland H. Hemming, engineering consultant.
|
| 263 |
|
|
|a 9109
|
| 264 |
|
1 |
|a Piscataway, NJ :
|b IEEE Press :
|a New York :
|b Institute of Electrical and Electronics Engineers,
|c 1991.
|
| 300 |
|
|
|a xviii, 222 pages :
|b illustrations
|
| 336 |
|
|
|a text
|b txt
|2 rdacontent
|
| 337 |
|
|
|a unmediated
|b n
|2 rdamedia
|
| 338 |
|
|
|a volume
|b nc
|2 rdacarrier
|
| 504 |
|
|
|a Includes bibliographical references and index.
|
| 650 |
|
0 |
|a Shielding (Electricity)
|
| 650 |
|
0 |
|a Magnetic shielding.
|
| 700 |
1 |
|
|a Hemming, Leland H.
|
| 710 |
2 |
|
|a Institute of Electrical and Electronics Engineers.
|
| 999 |
|
|
|a MARS
|
| 999 |
f |
f |
|s 4acbc273-b52c-36e4-a576-22a9a6669a36
|i b3c280c7-0310-3157-b523-315275c23960
|t 0
|
| 952 |
f |
f |
|p ric
|a Texas A&M University
|b Rellis Campus
|c Joint Library Facility
|d Remote Storage
|t 0
|e TK454.4.M33 A77 1991
|h Library of Congress classification
|i unmediated -- volume
|m A14814976171
|
| 998 |
f |
f |
|a TK454.4.M33 A77 1991
|t 0
|l Remote Storage
|